[Event "European Rapid 2014"]
[Site "Wroclaw POL"]
[Date "2014.12.20"]
[Round "2.45"]
[White "Eggink, Mateusz"]
[Black "Grigoriants, Sergey"]
[Result "1/2-1/2"]
[BlackTitle "GM"]
[WhiteElo "2247"]
[BlackElo "2570"]
[WhiteFideId "1135490"]
[BlackFideId "4130804"]
[EventDate "2014.12.20"]

1. e4 c5 2. Nf3 e6 3. d4 cxd4 4. Nxd4 Nc6 5. Nc3 Qc7 6. Be2 a6 7. O-O Nf6 8. Be3
Be7 9. f4 d6 10. Qe1 O-O 11. Kh1 Nxd4 12. Bxd4 b5 13. e5 dxe5 14. fxe5 Nd7 15.
Bd3 Bb7 16. Qg3 Bc5 17. Qh4 h6 18. Be4 Bxe4 19. Qxe4 Bxd4 20. Qxd4 Nxe5 21. a4
Nc6 22. Qc5 b4 23. Ne4 Rad8 24. Rad1 Rxd1 25. Rxd1 Rd8 26. Rxd8+ Qxd8 27. Nd6
Qf6 28. Kg1 Qe5 29. Qxe5 Nxe5 30. Nb7 Kf8 31. a5 Nc4 32. b3 Ne3 33. Nc5 Nxc2 34.
Nxa6 Ke7 35. Nc5 Nd4 36. a6 Nb5 37. Nd3 Kd6 38. Nxb4 Kc5 39. Nd3+ Kb6 40. Kf2
Kxa6 41. Ke3 Kb6 42. g4 Nd6 43. h4 Kc6 44. Kd4 f6 45. Nb4+ Kb5 46. Nd3 Ne8 47.
Ke4 Kc6 48. Kd4 e5+ 49. Nxe5+ fxe5+ 50. Kxe5 Kd7 51. Kf5 Ke7 52. Kg6 Kf8 53. g5
hxg5 54. Kxg5 Kf7 55. h5 Nf6 56. b4 Ne4+ 57. Kf5 Nc3 58. Kg5 Ne4+ 59. Kf5 Nf6
60. Kg5 Ne4+ 61. Kf5 Nc3 62. Kg5 Ne4+ 63. Kf5 Nd6+ 1/2-1/2

[Event "European Rapid 2014"]
[Site "Wroclaw POL"]
[Date "2014.12.20"]
[Round "2.46"]
[White "Aleksandrov, Aleksej"]
[Black "Chernyak, Viktoria"]
[Result "1-0"]
[WhiteTitle "GM"]
[BlackTitle "WFM"]
[WhiteElo "2593"]
[BlackElo "2125"]
[WhiteFideId "13500139"]
[BlackFideId "24165956"]
[EventDate "2014.12.20"]

1. d4 Nf6 2. c4 d6 3. Nc3 g6 4. e4 Bg7 5. h3 e5 6. d5 O-O 7. Bd3 Nbd7 8. Be3 Nc5
9. Bc2 a5 10. Nf3 Ne8 11. g4 b6 12. Rg1 Bd7 13. h4 c6 14. a4 Nf6 15. Nd2 cxd5
16. cxd5 Rb8 17. Qe2 Qc8 18. f3 Na6 19. Rc1 Nc5 20. h5 Nxa4 21. Bxa4 Bxa4 22.
Nc4 Bb3 23. Nxd6 Qd7 24. Nc4 Bxc4 25. Qxc4 Rfc8 26. Qe2 b5 27. Kf2 b4 28. Nb1
Bf8 29. Nd2 a4 30. Nc4 Qe8 31. hxg6 fxg6 32. Ra1 b3 33. Rgc1 Bb4 34. Kg2 h5 35.
g5 Nh7 36. Qd3 a3 37. Nxa3 Rxc1 38. Bxc1 Qd8 39. Nc4 Nxg5 40. Nxe5 Rb6 41. Be3
Rb7 42. Nc6 Qf6 43. Ra8+ Kf7 44. Bd4 Qd6 45. Nd8+ Ke7 46. Nxb7 Qf4 47. Bf2 h4
48. d6+ Kd7 49. Rd8+ 1-0

[Event "European Rapid 2014"]
[Site "Wroclaw POL"]
[Date "2014.12.20"]
[Round "2.47"]
[White "Heberla, Bartlomiej"]
[Black "Khamidov, Komil"]
[Result "1-0"]
[WhiteTitle "GM"]
[WhiteElo "2561"]
[BlackElo "2058"]
[WhiteFideId "1115120"]
[BlackFideId "1108956"]
[EventDate "2014.12.20"]

1. e4 e5 2. Nf3 Nc6 3. Bc4 Nf6 4. d3 Bc5 5. c3 d6 6. Nbd2 O-O 7. Bb3 Nh5 8. d4
exd4 9. cxd4 Bb4 10. O-O Nf4 11. Nc4 Ng6 12. a3 b5 13. axb4 bxc4 14. Bxc4 Nxb4
15. Ng5 h6 16. Nxf7 Rxf7 17. Bxf7+ Kxf7 18. Qb3+ d5 19. Qxb4 dxe4 20. f3 exf3
21. Qb3+ Be6 22. Rxf3+ Ke7 23. Re3 1-0

[Event "European Rapid 2014"]
[Site "Wroclaw POL"]
[Date "2014.12.20"]
[Round "2.48"]
[White "Piorun, Kacper"]
[Black "Dabrowski, Grzegorz"]
[Result "1-0"]
[WhiteTitle "GM"]
[WhiteElo "2517"]
[BlackElo "2094"]
[WhiteFideId "1130420"]
[BlackFideId "1113232"]
[EventDate "2014.12.20"]

1. e4 c5 2. Nf3 d6 3. d4 cxd4 4. Nxd4 Nf6 5. Nc3 a6 6. h3 e5 7. Nde2 Be7 8. g4
Be6 9. Bg2 O-O 10. O-O b5 11. Ng3 Nbd7 12. a4 b4 13. Nd5 Bxd5 14. exd5 Nc5 15.
a5 Re8 16. Be3 Qc7 17. g5 Nfd7 18. h4 Rab8 19. b3 Rb5 20. Qg4 Rxa5 21. Qxb4 Rxa1
22. Rxa1 Rb8 23. Qg4 Bf8 24. b4 Nb7 25. Rxa6 Nd8 26. Ra7 Rb7 27. Rxb7 Qxb7 28.
Qc4 g6 29. c3 f6 30. gxf6 Nxf6 31. Ne4 Be7 32. Nxf6+ Bxf6 33. Qg4 Qc7 34. c4 Kg7
35. h5 Nf7 36. c5 1-0

[Event "European Rapid 2014"]
[Site "Wroclaw POL"]
[Date "2014.12.20"]
[Round "2.49"]
[White "Ulanowski, Karol"]
[Black "Tomczak, Jacek"]
[Result "0-1"]
[BlackTitle "GM"]
[WhiteElo "2147"]
[BlackElo "2561"]
[WhiteFideId "1108964"]
[BlackFideId "1124668"]
[EventDate "2014.12.20"]

1. e4 e6 2. d4 d5 3. Nc3 Nf6 4. e5 Nfd7 5. f4 c5 6. Nf3 Nc6 7. Be3 Be7 8. Qd2
O-O 9. dxc5 Bxc5 10. Bxc5 Nxc5 11. O-O-O Qa5 12. Kb1 Bd7 13. Bd3 Rfd8 14. g4 Nb4
15. Nd4 Ncxd3 16. cxd3 Qb6 17. Nce2 Bb5 18. Nxb5 Qxb5 19. Nc3 Qa5 20. a3 Nc6 21.
d4 b5 22. f5 Rdb8 23. f6 Qd8 24. Qg5 Qf8 25. Ne2 Na5 26. Ng3 g6 27. h4 h6 28.
Qf4 Nc4 29. Rhg1 a5 30. Nf5 Kh7 31. g5 h5 32. Ng3 a4 33. Nxh5 b4 34. Ng3 bxa3
35. h5 Rxb2+ 36. Ka1 Qb4 37. hxg6+ Kxg6 0-1

[Event "European Rapid 2014"]
[Site "Wroclaw POL"]
[Date "2014.12.20"]
[Round "2.50"]
[White "Sivuk, Vitaly"]
[Black "Svitojus, Zygimantas"]
[Result "1-0"]
[WhiteTitle "IM"]
[WhiteElo "2501"]
[BlackElo "2059"]
[WhiteFideId "14116502"]
[BlackFideId "12805777"]
[EventDate "2014.12.20"]

1. e4 c5 2. Nf3 e6 3. d4 cxd4 4. Nxd4 Nf6 5. Nc3 d6 6. g4 h6 7. Bg2 Nc6 8. Nxc6
bxc6 9. e5 Nd5 10. exd6 Bxd6 11. Ne4 Be7 12. c4 Nb4 13. Qxd8+ Bxd8 14. O-O O-O
15. Bf4 Be7 16. Bd6 Bxd6 17. Nxd6 e5 18. h3 Be6 19. a3 Nc2 20. Rad1 Nd4 21. Rfe1
Rad8 22. c5 Bd5 23. Rxe5 Nf3+ 24. Bxf3 Bxf3 25. Rd3 Bd5 26. b4 Be6 27. f4 g6 28.
Kf2 a5 29. f5 Ba2 30. Rd2 Bb3 31. Rb2 a4 32. Rd2 Rd7 33. Rde2 Kg7 34. Re8 Rxe8
35. Rxe8 Rc7 36. Ra8 gxf5 37. Ne8+ 1-0

[Event "European Rapid 2014"]
[Site "Wroclaw POL"]
[Date "2014.12.20"]
[Round "2.51"]
[White "Kulaots, Kaido"]
[Black "Mucha, Piotr"]
[Result "1-0"]
[WhiteTitle "GM"]
[WhiteElo "2563"]
[BlackElo "2106"]
[WhiteFideId "4500261"]
[BlackFideId "1164163"]
[EventDate "2014.12.20"]

1. e4 c5 2. Nf3 d6 3. Bb5+ Bd7 4. Bxd7+ Qxd7 5. c4 Nf6 6. Nc3 g6 7. d4 cxd4 8.
Nxd4 Bg7 9. O-O O-O 10. Nde2 Nc6 11. f3 Ne5 12. b3 a6 13. a4 Nc6 14. Kh1 Qc7 15.
Bg5 e6 16. Rc1 h6 17. Bh4 Nb4 18. Qd2 Qa5 19. Rcd1 Rfd8 20. h3 g5 21. Bf2 d5 22.
cxd5 exd5 23. e5 Ne8 24. f4 gxf4 25. Nxf4 Bxe5 26. Ncxd5 Bxf4 27. Ne7+ Kf8 28.
Qxf4 Rxd1 29. Rxd1 Kxe7 30. Be1 Nd3 31. Bh4+ f6 32. Rxd3 Rc8 33. Qe4+ Kf8 34.
Rd7 Rc1+ 35. Kh2 Qc5 36. Bf2 Qa3 37. Qh7 1-0

[Event "European Rapid 2014"]
[Site "Wroclaw POL"]
[Date "2014.12.20"]
[Round "2.52"]
[White "Kossobudzki, Robert"]
[Black "Stopa, Jacek"]
[Result "0-1"]
[BlackTitle "IM"]
[WhiteElo "2065"]
[BlackElo "2521"]
[WhiteFideId "1107887"]
[BlackFideId "1119591"]
[EventDate "2014.12.20"]

1. b4 e5 2. a3 d5 3. Bb2 Bd6 4. Nf3 Qe7 5. e3 a5 6. b5 c6 7. d4 e4 8. Nfd2 Nd7
9. c4 Ndf6 10. Nc3 Nh6 11. Qb3 Be6 12. h3 Nf5 13. c5 Bc7 14. b6 Bb8 15. O-O-O h5
16. Be2 h4 17. a4 Rh6 18. Rdg1 g5 19. Qd1 Rg6 20. Nb3 Nh6 21. Nb1 g4 22. hxg4
Nfxg4 23. Qe1 f5 24. Bc3 f4 25. exf4 Bxf4+ 26. Kb2 Qg5 27. g3 hxg3 28. fxg3 Be3
29. Bd2 O-O-O 30. Nxa5 Bxd4+ 31. Nc3 e3 32. Bc1 Bxc5 33. Nb3 Bb4 34. Nd4 c5 35.
Nxe6 Rxe6 36. Qd1 Qe5 37. Qb3 d4 38. Rh5 Bxc3+ 39. Ka2 Qd6 40. Ba3 Ne5 41. Rgh1
Qxb6 42. Qxb6 Rxb6 43. Rxh6 Rxh6 44. Rxh6 d3 0-1

[Event "European Rapid 2014"]
[Site "Wroclaw POL"]
[Date "2014.12.20"]
[Round "2.53"]
[White "Kosyrev, Vladimir"]
[Black "Petrovskis, Olegs"]
[Result "1-0"]
[WhiteTitle "GM"]
[WhiteElo "2520"]
[BlackElo "2058"]
[WhiteFideId "4122259"]
[BlackFideId "11603186"]
[EventDate "2014.12.20"]

1. d4 d5 2. c4 c6 3. e3 Nf6 4. Nf3 g6 5. Nc3 Bg7 6. Be2 O-O 7. O-O Nbd7 8. cxd5
cxd5 9. Qb3 e6 10. Bd2 Ne4 11. Rfc1 Nxd2 12. Nxd2 Nb6 13. a4 e5 14. dxe5 Bxe5
15. a5 d4 16. exd4 Be6 17. Qd1 Bxd4 18. axb6 Qxb6 19. Kh1 Qxb2 20. Rab1 Qa3 21.
Nb5 1-0

[Event "European Rapid 2014"]
[Site "Wroclaw POL"]
[Date "2014.12.20"]
[Round "2.54"]
[White "Melderis, Uldis"]
[Black "Alekseenko, Kirill"]
[Result "0-1"]
[BlackTitle "FM"]
[WhiteElo "2000"]
[BlackElo "2499"]
[WhiteFideId "11600845"]
[BlackFideId "4135539"]
[EventDate "2014.12.20"]

1. b4 d5 2. Bb2 Bg4 3. Nf3 Nd7 4. e3 e5 5. Be2 Bxf3 6. Bxf3 Ngf6 7. b5 Bd6 8.
O-O O-O 9. d3 c6 10. bxc6 bxc6 11. Nd2 Re8 12. c4 e4 13. dxe4 dxe4 14. Bxf6 Nxf6
15. Be2 Qe7 16. Qc2 a5 17. a4 Rad8 18. Rfd1 Qe5 19. Nf1 h5 20. Rab1 h4 21. h3
Nd7 22. Qb2 Nc5 23. Qxe5 Bxe5 24. Rxd8 Rxd8 25. f4 exf3 26. Bxf3 Nxa4 27. Bxc6
Nc3 28. Rb6 Rd1 29. Kf2 a4 30. Ra6 Ra1 31. Ra8+ Kh7 32. e4 Bd4+ 0-1

[Event "European Rapid 2014"]
[Site "Wroclaw POL"]
[Date "2014.12.20"]
[Round "2.55"]
[White "Jaracz, Pawel"]
[Black "Zochowski, Kacper"]
[Result "1-0"]
[WhiteTitle "GM"]
[WhiteElo "2503"]
[BlackElo "2120"]
[WhiteFideId "1102222"]
[BlackFideId "1125494"]
[EventDate "2014.12.20"]

1. d4 Nf6 2. c4 e6 3. Nf3 Bb4+ 4. Bd2 Qe7 5. g3 b6 6. Bg2 Bb7 7. O-O Bxd2 8.
Qxd2 O-O 9. Nc3 d6 10. Qc2 c5 11. e4 cxd4 12. Nxd4 a6 13. Rad1 Qc7 14. b3 Nc6
15. Nd5 Nxd4 16. Nxf6+ gxf6 17. Rxd4 e5 18. Rd3 b5 19. Rc3 bxc4 20. Rxc4 Qb6 21.
Bh3 Kh8 22. Bf5 Qd8 23. Rd1 a5 24. Qd2 Kg7 25. Qe2 h6 26. Rdc1 Ba6 27. Qg4+ Kh8
28. Qh5 Kg7 29. Rc7 Qe8 30. Qg6+ 1-0

[Event "European Rapid 2014"]
[Site "Wroclaw POL"]
[Date "2014.12.20"]
[Round "2.56"]
[White "Weclawski, Dorota"]
[Black "Warakomski, Tomasz"]
[Result "0-1"]
[WhiteTitle "WFM"]
[BlackTitle "IM"]
[WhiteElo "2086"]
[BlackElo "2456"]
[WhiteFideId "4623800"]
[BlackFideId "1124552"]
[EventDate "2014.12.20"]

1. d4 d5 2. Nf3 Bf5 3. Bf4 e6 4. e3 Nf6 5. c3 c5 6. Bd3 Bxd3 7. Qxd3 Qb6 8. Qc2
Nc6 9. Nbd2 Be7 10. O-O O-O 11. dxc5 Bxc5 12. e4 h6 13. exd5 Nxd5 14. Bg3 Rfd8
15. Qb3 Be7 16. Nc4 Qa6 17. Rfe1 Rac8 18. Rad1 b5 19. Nce5 Na5 20. Qc2 b4 21. c4
Nxc4 22. Nxc4 Qxc4 23. Qa4 Bf6 24. Be5 Bxe5 25. Nxe5 Qc7 26. Nd3 a5 27. Rc1 Qb6
28. Ne5 Rxc1 29. Rxc1 Qd4 30. Re1 Nb6 31. Qxa5 Rd5 32. Nc6 Rxa5 33. Nxd4 Rxa2
34. Rb1 Na4 35. Nc6 b3 36. Nd4 Nc5 37. Kf1 e5 38. Nf3 Nd3 39. Nd2 Nxb2 40. Nxb3
Nd3 41. f3 Nf4 42. g3 Nh3 43. Re1 Rf2# 0-1

[Event "European Rapid 2014"]
[Site "Wroclaw POL"]
[Date "2014.12.20"]
[Round "2.57"]
[White "Loginov, Valery A"]
[Black "Kot, Jerzy"]
[Result "1-0"]
[WhiteTitle "GM"]
[BlackTitle "FM"]
[WhiteElo "2486"]
[BlackElo "2135"]
[WhiteFideId "4126297"]
[BlackFideId "1101595"]
[EventDate "2014.12.20"]

1. e4 c5 2. Nf3 g6 3. d4 cxd4 4. Qxd4 Nf6 5. e5 Nc6 6. Qa4 Nd5 7. Qe4 Ndb4 8.
Bb5 Qa5 9. Nc3 d5 10. exd6 Bf5 11. Qe5 O-O-O 12. Qxh8 Nxc2+ 13. Ke2 Nxa1 14. Rd1
exd6 15. Qxh7 Nc2 16. Qxf7 Ne5 17. Qd5 Nxf3 18. Bd7+ Rxd7 19. Qxa5 Ncd4+ 20. Kf1
Nc6 21. Qd5 Nxh2+ 22. Kg1 Ng4 23. Bg5 Nh6 24. Re1 Bg7 25. Re8+ Kc7 26. Nb5+ Kb6
27. Be3+ Ka6 28. Qc4 Ka5 29. Nxa7 Nxa7 30. b4+ Ka4 31. Bxa7 1-0

[Event "European Rapid 2014"]
[Site "Wroclaw POL"]
[Date "2014.12.20"]
[Round "2.58"]
[White "Sliwicki, Damian"]
[Black "Dourerassou, Jonathan"]
[Result "0-1"]
[BlackTitle "IM"]
[WhiteElo "2107"]
[BlackElo "2469"]
[WhiteFideId "1127128"]
[BlackFideId "628050"]
[EventDate "2014.12.20"]

1. e4 c5 2. Nf3 Nc6 3. Bb5 Nd4 4. Bc4 e6 5. c3 Nc6 6. d4 cxd4 7. cxd4 d5 8. exd5
exd5 9. Bd3 Bb4+ 10. Bd2 Qe7+ 11. Be2 Nf6 12. O-O O-O 13. Bg5 h6 14. Bh4 Re8 15.
Bb5 Bg4 16. Bxc6 bxc6 17. h3 Bh5 18. g4 Bg6 19. Ne5 Qd6 20. Nxg6 fxg6 21. Bg3
Qf8 22. Qc2 Qf7 23. Qxc6 Ne4 24. Be5 Rac8 25. Qb5 Rc1 26. Qe2 Rxf1+ 27. Qxf1 Qf3
28. Nc3 Bxc3 29. bxc3 Rf8 30. Qg2 Qxc3 31. Rf1 Rf3 32. Kh2 Kh7 33. Rc1 Rxh3+ 34.
Qxh3 Qxc1 35. Qg2 Qe1 36. f4 Qh4+ 37. Kg1 Qe1+ 38. Kh2 Qe3 39. f5 gxf5 40. gxf5
Ng5 41. Kh1 Qe1+ 42. Kh2 Qh4+ 43. Kg1 Qh5 44. Qxd5 Qe2 45. Kh1 Nf3 46. Qf7 Qf1# 0-1

[Event "European Rapid 2014"]
[Site "Wroclaw POL"]
[Date "2014.12.20"]
[Round "2.59"]
[White "Czakon, Jakub"]
[Black "Szajda, Marcin"]
[Result "1-0"]
[WhiteTitle "IM"]
[WhiteElo "2479"]
[BlackElo "2086"]
[WhiteFideId "1120840"]
[BlackFideId "1113216"]
[EventDate "2014.12.20"]

1. f4 d5 2. Nf3 g6 3. g3 Bg7 4. Bg2 Nf6 5. O-O O-O 6. d3 c5 7. c3 Nc6 8. Na3 a6
9. Qe1 Qc7 10. e4 e6 11. e5 Ng4 12. h3 Nh6 13. g4 b5 14. Nc2 Rb8 15. Be3 Qe7 16.
Qf2 d4 17. cxd4 cxd4 18. Ncxd4 Nxd4 19. Nxd4 Bb7 20. Nc6 Bxc6 21. Bxc6 Rfd8 22.
d4 Qb4 23. Rac1 Kh8 24. a3 Qa5 25. Be4 b4 26. Rc5 Qa4 27. Bc6 Qb3 28. a4 f5 29.
g5 Ng8 30. Re1 Bf8 31. Qc2 Qa2 32. b3 Qxc2 33. Rxc2 Ne7 34. Rec1 h6 35. gxh6
Bxh6 36. Kf2 Rg8 37. h4 Rgd8 38. a5 Kg8 39. Bf3 Rd7 40. Rc7 Rxc7 41. Rxc7 Kf8
42. Bd2 Rb5 43. Be2 Nd5 44. Rc8+ Ke7 45. Bxb5 axb5 46. a6 1-0

[Event "European Rapid 2014"]
[Site "Wroclaw POL"]
[Date "2014.12.20"]
[Round "2.60"]
[White "Graczyk, Damian"]
[Black "Kantans, Toms"]
[Result "0-1"]
[BlackTitle "IM"]
[WhiteElo "2081"]
[BlackElo "2447"]
[WhiteFideId "1170716"]
[BlackFideId "11602945"]
[EventDate "2014.12.20"]

1. d4 Nf6 2. Nf3 g6 3. g3 Bg7 4. Bg2 O-O 5. O-O d5 6. c4 dxc4 7. Ne5 Nbd7 8.
Nxc4 Nb6 9. Nxb6 axb6 10. Nc3 c6 11. h3 Be6 12. e4 Bc4 13. Re1 Nd7 14. Be3 e5
15. b3 Ba6 16. Rc1 exd4 17. Bxd4 Ne5 18. Bxe5 Bxe5 19. Qf3 Qe7 20. Ne2 Rfd8 21.
Red1 h5 22. h4 Qa3 23. Rxd8+ Rxd8 24. Rc2 Rd3 0-1

[Event "European Rapid 2014"]
[Site "Wroclaw POL"]
[Date "2014.12.20"]
[Round "2.61"]
[White "Hermanowicz, Dominika"]
[Black "Berzinsh, Roland"]
[Result "0-1"]
[BlackTitle "IM"]
[WhiteElo "2074"]
[BlackElo "2395"]
[WhiteFideId "1123920"]
[BlackFideId "11600357"]
[EventDate "2014.12.20"]

1. e4 c5 2. Nf3 b6 3. d4 cxd4 4. Nxd4 Bb7 5. Nc3 a6 6. Bd3 g6 7. O-O Bg7 8. Be3
d6 9. f4 Nd7 10. Qe2 Ngf6 11. Rae1 O-O 12. Kh1 Nc5 13. Bg1 e5 14. Nb3 exf4 15.
Rxf4 Re8 16. Qf1 Ne6 17. Rf3 b5 18. a3 Ng5 19. Rfe3 Ng4 20. R3e2 Ne6 21. Nd5 Qg5
22. c4 Ne5 23. Rf2 Nxd3 24. Qxd3 bxc4 25. Qxc4 Rac8 26. Qd3 Nc7 27. Nb6 Rcd8 28.
Nd2 d5 29. Qb3 Nb5 30. Ref1 Nd4 31. Qa4 Bc6 32. Qa5 Bb5 33. Rxf7 Bxf1 34. Rxf1
Nc6 35. Qc5 Qxd2 36. Qxc6 dxe4 37. Qc4+ Kh8 38. Rf7 Qxb2 39. Nd5 Rc8 40. Nc7
Rxc7 41. Qxc7 Qe5 42. Qa7 e3 43. h3 e2 44. Rxg7 Qxg7 0-1

[Event "European Rapid 2014"]
[Site "Wroclaw POL"]
[Date "2014.12.20"]
[Round "2.62"]
[White "Duda, Jan-Krzysztof"]
[Black "Satonen, Arto"]
[Result "1-0"]
[WhiteTitle "GM"]
[WhiteElo "2603"]
[BlackElo "2082"]
[WhiteFideId "1170546"]
[BlackFideId "501816"]
[EventDate "2014.12.20"]

1. d4 d5 2. c4 e6 3. Nc3 c5 4. cxd5 exd5 5. Nf3 Nc6 6. g3 Nf6 7. Bg2 Be7 8. O-O
O-O 9. dxc5 Bxc5 10. Na4 Be7 11. Be3 Re8 12. Rc1 Bg4 13. h3 Be6 14. Nc5 Bxc5 15.
Bxc5 Ne4 16. Be3 Qd7 17. Kh2 Rad8 18. Nd4 Qd6 19. Bf4 Qb4 20. Rxc6 bxc6 21. Nxc6
Qb6 22. Nxd8 Rxd8 23. e3 Rc8 24. Be5 Qa5 25. a3 Nd2 26. Re1 Nc4 27. Bc3 Qb5 28.
Qd4 f6 29. Rd1 Nb6 30. Qf4 Rd8 31. Rd4 Rd7 32. Qb8+ Kf7 33. Rf4 Qe2 34. Bd4 Nc4
35. Qh8 Nd2 36. Bxf6 Kg6 37. Qe8+ Rf7 38. Bc3 1-0

[Event "European Rapid 2014"]
[Site "Wroclaw POL"]
[Date "2014.12.20"]
[Round "2.63"]
[White "Sanz Losada, Victoriano"]
[Black "Pakleza, Zbigniew"]
[Result "0-1"]
[WhiteTitle "CM"]
[BlackTitle "IM"]
[WhiteElo "2022"]
[BlackElo "2498"]
[WhiteFideId "2202808"]
[BlackFideId "1119290"]
[EventDate "2014.12.20"]

1. e4 d6 2. d4 Nf6 3. f3 c5 4. d5 e5 5. Nc3 Be7 6. Be3 O-O 7. Qd2 Ne8 8. O-O-O
a6 9. g4 b5 10. h4 Nc7 11. h5 b4 12. Nb1 Nb5 13. f4 Nd7 14. f5 h6 15. Nh3 Nf6
16. Qg2 Nh7 17. Nd2 Ng5 18. Nf3 Nxf3 19. Qxf3 f6 20. Bc4 Bd7 21. Qe2 Kh7 22. Ng1
Qa5 23. Nf3 Rfc8 24. Rdg1 Rab8 25. g5 fxg5 26. Bxg5 Nc3 27. Qg2 Nxa2+ 28. Bxa2
hxg5 29. Nxg5+ Kg8 30. Ne6 Bf6 31. Nxg7 Kf7 32. Qg6+ Ke7 33. Ne6 Rh8 34. Kb1 b3
35. Bxb3 Qb4 36. Ng5 Rbf8 37. Nh7 c4 38. Nxf6 cxb3 39. cxb3 Bb5 40. Rh3 Qd4 41.
Ng8+ Kd7 42. Qe6+ Kc7 43. Rc1+ Kb7 44. Qe7+ Kb6 45. Qxd6+ Ka5 46. Qa3+ Kb6 47.
Qd6+ Ka5 48. Qxf8 Qb4 49. Qd6 0-1

[Event "European Rapid 2014"]
[Site "Wroclaw POL"]
[Date "2014.12.20"]
[Round "2.64"]
[White "Georgiadis, Nico"]
[Black "Golek, Jagoda"]
[Result "1-0"]
[WhiteTitle "IM"]
[WhiteElo "2465"]
[BlackElo "2009"]
[WhiteFideId "1300113"]
[BlackFideId "1138529"]
[EventDate "2014.12.20"]

1. Nf3 d5 2. b3 Nf6 3. Bb2 c5 4. e3 a6 5. g3 Nc6 6. Bg2 Bf5 7. d3 e6 8. O-O h6
9. Nbd2 Be7 10. Qe2 O-O 11. Rfd1 Bh7 12. a3 Rc8 13. c4 b5 14. Rac1 dxc4 15. dxc4
b4 16. Ne4 Nxe4 17. Rxd8 Rcxd8 18. h4 Na5 19. axb4 Nxb3 20. Rd1 cxb4 21. Nd4
Nxd4 22. exd4 Nd6 23. c5 Nb5 24. Qc4 Nc7 25. Qxb4 Rb8 26. Qa5 Rfc8 27. Qa2 Bc2
28. Rc1 Bb3 29. Qa1 Bd5 30. Bc3 Rb3 31. Bxd5 Nxd5 32. Qxa6 Rcb8 33. Qc4 Ra3 34.
Be1 Bd8 35. c6 Bc7 36. Qc5 Rab3 37. Bd2 R3b5 38. Qa7 Rc8 39. Bf4 Nxf4 40. gxf4
Rbb8 41. Rc4 Ra8 42. Qc5 Ra1+ 43. Kg2 Rb8 44. f5 Rbb1 45. fxe6 fxe6 46. Qe7 Rg1+
47. Kf3 Bb6 48. c7 Bxc7 49. Rxc7 Rad1 50. Qxe6+ Kh7 51. Qf5+ 1-0

[Event "European Rapid 2014"]
[Site "Wroclaw POL"]
[Date "2014.12.20"]
[Round "2.65"]
[White "Kowalczuk, Wojciech"]
[Black "Kanep, Meelis"]
[Result "1/2-1/2"]
[BlackTitle "GM"]
[WhiteElo "2065"]
[BlackElo "2509"]
[WhiteFideId "1103784"]
[BlackFideId "4501047"]
[EventDate "2014.12.20"]

1. e4 c5 2. Nf3 d6 3. d4 Nf6 4. dxc5 Nxe4 5. cxd6 Nxd6 6. Bd3 Nc6 7. O-O g6 8.
c3 Bg7 9. Re1 O-O 10. Bf4 Qb6 11. Qb3 Be6 12. Qxb6 axb6 13. a3 Rfd8 14. Nbd2 Ra4
15. Be3 b5 16. Rad1 Raa8 17. Bc5 Nc4 18. Nxc4 bxc4 19. Be4 Rxd1 20. Rxd1 Ra5 21.
Bd4 Nxd4 22. Nxd4 Bxd4 23. Rxd4 Rb5 24. Rd2 f5 25. Bf3 Kf7 26. h4 Kf6 27. g3 h6
28. a4 Rb6 29. Bd1 g5 30. hxg5+ hxg5 31. f4 Bf7 32. Kf2 e5 33. fxe5+ Kxe5 34.
Bf3 Be6 35. Bg2 Kf6 36. Bh1 Bf7 37. Bf3 g4 38. Bg2 Kg5 39. Re2 Ra6 40. Bxb7 Rxa4
41. Bc6 Ra1 42. Rd2 Ra6 43. Bg2 Rf6 44. Re2 f4 45. Re5+ Rf5 46. gxf4+ Kxf4 47.
Re4+ Kg5+ 48. Kg3 Rb5 49. Rxg4+ Kf6 50. Rf4+ Ke7 51. Rf2 Be6 52. Re2 Kd6 53. Bf3
Re5 54. Kf4 Rxe2 55. Bxe2 Kc5 56. Ke5 Bg8 57. Bg4 Bd5 58. Be6 Bg2 59. Bf7 1/2-1/2

[Event "European Rapid 2014"]
[Site "Wroclaw POL"]
[Date "2014.12.20"]
[Round "3.1"]
[White "Lewtak, Damian"]
[Black "Kovalenko, Igor"]
[Result "0-1"]
[BlackTitle "GM"]
[WhiteElo "2340"]
[BlackElo "2653"]
[WhiteFideId "1141724"]
[BlackFideId "14117908"]
[EventDate "2014.12.20"]

1. d4 Nf6 2. c4 e6 3. Nf3 b6 4. Nc3 Bb4 5. e3 Bb7 6. Bd3 O-O 7. O-O Bxc3 8. bxc3
d6 9. Qe2 Nbd7 10. Rd1 Ne4 11. Bb2 f5 12. Nd2 Qh4 13. f3 Nxd2 14. Rxd2 Rf6 15.
e4 fxe4 16. Bxe4 Bxe4 17. Qxe4 Qxe4 18. fxe4 e5 19. Ba3 Re8 20. Re1 Rfe6 21. c5
dxc5 22. dxc5 Nf6 23. cxb6 axb6 24. h3 Rc6 25. Bb2 Rc4 26. g4 Nxe4 27. Rde2 Ng5
28. Kg2 e4 29. Rd1 Ne6 30. Re3 Rd8 31. Rxd8+ Nxd8 32. Re2 Ne6 33. Kg3 Kf7 34.
Rd2 Ke7 35. Kf2 Nf4 36. h4 Ke6 37. Ke3 Nd5+ 38. Ke2 c5 0-1

[Event "European Rapid 2014"]
[Site "Wroclaw POL"]
[Date "2014.12.20"]
[Round "3.2"]
[White "Vitiugov, Nikita"]
[Black "Gergacz, Attila"]
[Result "1-0"]
[WhiteTitle "GM"]
[BlackTitle "IM"]
[WhiteElo "2738"]
[BlackElo "2352"]
[WhiteFideId "4152956"]
[BlackFideId "730157"]
[EventDate "2014.12.20"]

1. b3 e5 2. Bb2 Nc6 3. e3 d5 4. Bb5 Bd6 5. f4 Qe7 6. Nf3 Bg4 7. fxe5 Bxf3 8.
Qxf3 Bxe5 9. Nc3 Nf6 10. O-O-O a6 11. Bxc6+ bxc6 12. Kb1 O-O 13. g4 a5 14. g5
Ne4 15. Nxe4 Bxb2 16. Nf6+ gxf6 17. Kxb2 fxg5 18. h4 f6 19. a4 Kg7 20. Qh5 Kh8
21. Rdf1 Qg7 22. Rf5 g4 23. Rg1 Rg8 24. Rf4 f5+ 25. d4 Raf8 26. Rxf5 Rxf5 27.
Qxf5 Qg6 28. Qe5+ Rg7 29. Rf1 Qd6 30. h5 Qxe5 31. dxe5 g3 32. e6 g2 33. Rg1 Kg8
34. b4 axb4 35. a5 c5 36. a6 c6 37. Rxg2 Rxg2 38. a7 1-0

[Event "European Rapid 2014"]
[Site "Wroclaw POL"]
[Date "2014.12.20"]
[Round "3.3"]
[White "Riazantsev, Alexander"]
[Black "Girya, Olga"]
[Result "1-0"]
[WhiteTitle "GM"]
[BlackTitle "WGM"]
[WhiteElo "2684"]
[BlackElo "2457"]
[WhiteFideId "4125029"]
[BlackFideId "4195752"]
[EventDate "2014.12.20"]

1. Nf3 d5 2. c4 d4 3. b4 f6 4. e3 e5 5. b5 c5 6. Bd3 Bd6 7. Qc2 Ne7 8. exd4 exd4
9. O-O f5 10. a4 a5 11. Re1 O-O 12. Bf1 Nd7 13. d3 h6 14. Nbd2 b6 15. g3 Bb7 16.
Bg2 Qc7 17. Ba3 Rae8 18. Re6 Rf6 19. Re2 Ref8 20. Rae1 Ng6 21. Qd1 Qb8 22. Re6
Nde5 23. Rxf6 Rxf6 24. Qe2 Re6 25. Qf1 Nxf3+ 26. Bxf3 Rxe1 27. Qxe1 Ne5 28. Bxb7
Qxb7 29. f4 Nf7 30. Qe6 Qe7 31. Qc8+ Nd8 32. Nf1 g6 33. Kf2 Kg7 34. Qa8 Nf7 35.
Qc6 Bc7 36. Bc1 h5 37. h3 Nh6 38. Nh2 h4 39. Nf3 hxg3+ 40. Kg2 Nf7 41. Kxg3 g5
42. Kf2 Bxf4 43. Bxf4 gxf4 44. Qd5 Qe3+ 45. Kg2 Qe2+ 46. Kg1 Qxd3 47. Qxf7+ Kxf7
48. Ne5+ Kf6 49. Nxd3 1-0